[Event "Santa Clara"]
[Site "Santa Clara"]
[Date "1996.??.??"]
[Round "1"]
[White "Herrera, Irisberto"]
[Black "Pupo, Emilio"]
[Result "1/2-1/2"]
[WhiteElo "2420"]
[BlackElo "2435"]

1.e4 c5 2.Nf3 d6 3.d4 cxd4 4.Nxd4 Nf6 5.Nc3 Nc6 6.Bg5 e6 7.Qd2 Be7 8.O-O-O Nxd4
9.Qxd4 O-O 10.f4 Qa5 11.Bc4 h6 12.h4 e5 13.Qd3 exf4 14.Bxf4 Rd8 15.Nd5 Nxd5
16.Bxd5 Bg4 17.Rdf1 Be6 18.Bxe6 fxe6 19.Qb3 d5 20.Be5 Rd7 21.Qg3 Bf8 22.Qg6 Qb6
23.Rf3 dxe4 24.Qxe4 Rad8 25.Bc3 Rd5 26.Re1 e5 27.Qc4 Qe6 28.Rd3 b5 29.Qb3 Kh7  1/2-1/2

[Event "Santa Clara"]
[Site "Santa Clara"]
[Date "1996.??.??"]
[Round "3"]
[White "Herrera, Irisberto"]
[Black "De la Paz, Frank"]
[Result "1-0"]
[WhiteElo "2420"]
[BlackElo "2325"]

1.e4 c5 2.Nf3 d6 3.d4 cxd4 4.Nxd4 Nf6 5.Nc3 Nc6 6.Bg5 e6 7.Qd2 Be7 8.O-O-O O-O
9.f3 a6 10.h4 Bd7 11.g4 b5 12.Nxc6 Bxc6 13.Bd3 b4 14.Ne2 Qa5 15.Kb1 Rfc8
16.Nd4 Bb5 17.Nb3 Qc7 18.Rc1 Bc4 19.Bxc4 Qxc4 20.c3 bxc3 21.Rxc3 Qb5 22.Nd4 Qb7
23.Rhc1 h6 24.Nc6 Kf8 25.Bxf6 Bxf6 26.Qxd6+ Ke8 27.Na5 Qd7 28.Qxd7+ Kxd7
29.Rxc8 Rxc8 30.Rxc8 Kxc8 31.h5 Kc7 32.Kc2 Kd6 33.Nc4+ Kc5 34.Kd3 Bg5 35.a3 Bf4
36.Kc3 Bg3 37.b4+ Kb5 38.Kb3 Bf4 39.a4+ Kc6 40.Nb2 g6 41.Nd3 Bg3 42.Kc4 Bd6
43.b5+ axb5+ 44.axb5+ Kb6 45.e5 Bc7 46.hxg6 fxg6 47.Nf4 Bxe5 48.Nxg6 Bd6
49.f4 Ka5 50.f5 exf5 51.gxf5 Ba3 52.f6 h5 53.f7 Kb6 54.f8=Q  1-0

[Event "Santa Clara"]
[Site "Santa Clara"]
[Date "1996.??.??"]
[Round "5"]
[White "Garcia, Gildardo"]
[Black "Pupo, Emilio"]
[Result "1/2-1/2"]
[WhiteElo "2525"]
[BlackElo "2435"]

1.e4 c5 2.Nf3 d6 3.d4 cxd4 4.Nxd4 Nf6 5.Nc3 Nc6 6.Bg5 e6 7.Qd2 Be7 8.O-O-O Nxd4
9.Qxd4 O-O 10.f4 Qa5 11.Bc4 h6 12.Bh4 e5 13.fxe5 dxe5 14.Qd3 Bg4 15.Bxf6 Bxf6
16.Rdf1 Bg5+ 17.Kb1 Be6 18.Nd5 Qc5 19.h4 Bd8 20.Bb3 b5 21.Ne3 Qd4 22.Bxe6 fxe6
23.Rxf8+ Kxf8 24.Rf1+ Kg8 25.Qb3 Qb6 26.Nf5 h5 27.Nxg7 Kxg7 28.Qf3 Bxh4 29.Qf7+ Kh6
30.g3 Bxg3 31.Qf6+ Kh7 32.Rd1 Rd8 33.Qf7+ Kh6 34.Qf6+ Kh7 35.Qxd8 Qxd8 36.Rxd8 h4
37.Rd3 Kg6 38.Kc1 Kg5 39.Kd1 Kf4 40.Ke2 Kxe4 41.a4 a6 42.axb5 axb5 43.Rb3 Kf4
44.Rxb5 h3 45.Ra5 h2 46.Ra1 Bh4 47.Rh1 Kg3 48.Ke3  1/2-1/2

[Event "Sao Paulo Charlier"]
[Site "Sao Paulo"]
[Date "1996.??.??"]
[Round "3"]
[White "Tsuboi, Edson Kenji"]
[Black "Limp, Eduardo"]
[Result "1/2-1/2"]
[WhiteElo "2345"]
[BlackElo "2320"]

1.e4 c5 2.Nf3 d6 3.d4 cxd4 4.Nxd4 Nf6 5.Nc3 Nc6 6.Bg5 e6 7.Qd2 Be7 8.O-O-O Nxd4
9.Qxd4 O-O 10.f4 Qa5 11.Bc4 Bd7 12.e5 dxe5 13.fxe5 Bc6 14.Bd2 Nd7 15.Nd5 Qd8
16.Nxe7+ Qxe7 17.Rhe1 Nb6 18.Bd3 Rfd8 19.Qg4 Rxd3 20.cxd3 Ba4 21.Bh6 f5 22.exf6 Qxf6
23.Bd2 Rc8+ 24.Kb1 Bc2+ 25.Ka1 Bxd1 26.Qxd1 Nd5 27.Kb1 Rc6 28.Qh5 g6 29.Qe2 Rb6
30.Qe5 Qxe5 31.Rxe5 Rc6 32.Re4 Kf7 33.Rc4 Kf6 34.Kc2 Ke5 35.Bh6 b5 36.Rxc6 Nb4+
37.Kc3 Nxc6 38.Kd2 Nb4 39.a3 Nd5 40.Be3 a5 41.Ba7 a4 42.Bb8+ Kf5 43.Ke2 h5
44.Kf3 g5 45.h3 g4+ 46.hxg4+ hxg4+ 47.Ke2 e5 48.g3 Ke6 49.Ba7 Ne7 50.Bf2 Kd5
51.Ke3 Nf5+ 52.Kd2 Nd4 53.Kc3 Nc6 54.Kd2 Ne7 55.Ke3 Nf5+ 56.Kd2 e4 57.dxe4+ Kxe4
58.Ke2 Ne7 59.Bc5 Nf5 60.Bf2 Nd6 61.Be1 Nc4 62.Bc3 Ne3 63.Be1 Nc4 64.Bc3 Nd6
65.Be1 Nf7 66.Bc3 Ng5 67.Bf6 Ne6 68.Bc3 Nc5 69.Be1 Nd3 70.Bc3 Nc1+ 71.Kd2 Nb3+
72.Ke2 Nc5 73.Be1 Nd7 74.Bc3 Nb8 75.Bf6 Na6 76.Bc3 Nc7 77.Be1 Nd5 78.Bf2 b4
79.axb4 Nxb4 80.Be1 Nd3 81.Bc3 Nc1+ 82.Kd2 Nb3+ 83.Ke2 Nc5 84.Be1 Nd7 85.Bc3 Nb6
86.Be1 Nd5 87.Bf2 Nc3+ 88.Kd2 Nb5 89.Ke2 Nd6 90.Be1 Nb7 91.Bf2 Nd8 92.Be1 Ne6
93.Bc3 Ng5 94.Bf6 Nf7 95.Bc3 Nd6 96.Be1 Kd4 97.Bc3+ Ke4 98.Be1 Nb5 99.Bf2 Nc3+
100.Kd2 Nd5 101.Ke2  1/2-1/2

[Event "Sao Paulo Charlier"]
[Site "Sao Paulo"]
[Date "1996.??.??"]
[Round "5"]
[White "Rodrigues, Adriano Pfuhl"]
[Black "Limp, Eduardo"]
[Result "0-1"]
[WhiteElo "2270"]
[BlackElo "2320"]

1.e4 c5 2.Nf3 d6 3.d4 cxd4 4.Nxd4 Nf6 5.Nc3 Nc6 6.Bg5 e6 7.Qd2 Be7 8.O-O-O Nxd4
9.Qxd4 O-O 10.f4 Qa5 11.Bc4 Bd7 12.Bb3 Bc6 13.Rhe1 Rad8 14.Qd3 h6 15.Bh4 Qh5
16.Bxf6 Bxf6 17.h3 Qc5 18.Ne2 a5 19.c3 a4 20.Bc2 Bb5 21.Qd2 Bxe2 22.Rxe2 a3
23.Re3 axb2+ 24.Kxb2 Ra8 25.Bb3 Rfc8 26.Rc1 Rc6 27.Kb1 Rac8 28.c4 b5 29.Rc2 Qb6
30.cxb5 Qxb5 31.Rxc6 Rxc6 32.Re2 Qc5 33.Qc2 Qb6 34.Qd1 Qa5 35.Qe1 Bc3 36.Qd1 Qb4
37.Qd3 Bd4 38.Rd2 Bf6 39.Re2 Rc3 40.Qd2 Bd4 41.Qe1 e5 42.fxe5 dxe5 43.Qd1 Be3
44.Kb2 Bc1+ 45.Qxc1 Rxc1 46.Kxc1 Qc3+ 47.Kd1 Qd3+ 48.Ke1 Kf8 49.Bd5 f5 50.Kf2 Qd4+
51.Kf3 Ke7 52.g3 g5 53.Re3 h5 54.Re2 Qd3+ 55.Kf2 f4 56.gxf4 exf4  0-1

[Event "Schoeneck"]
[Site "Schoeneck"]
[Date "1996.??.??"]
[Round "2"]
[White "Klovans, Janis"]
[Black "Enders, Peter"]
[Result "0-1"]
[WhiteElo "2530"]
[BlackElo "2500"]

1.e4 c5 2.Nf3 Nc6 3.d4 cxd4 4.Nxd4 Nf6 5.Nc3 d6 6.Bg5 e6 7.Qd2 Be7 8.O-O-O Nxd4
9.Qxd4 O-O 10.f4 Qa5 11.Bc4 Bd7 12.e5 dxe5 13.fxe5 Bc6 14.Bd2 Nd7 15.Nd5 Qc5
16.Nxe7+ Qxe7 17.Rhe1 Rfd8 18.Qg4 Nf8 19.Bc3 h6 20.h4 Rxd1+ 21.Rxd1 Qc5 22.b4 Qf2
23.Rd2 Qe3 24.Kb2 a6 25.Rd3 Qe4 26.Qxe4 Bxe4 27.Rd2 Rc8 28.Bb3 Ng6 29.g3 Ne7
30.Bd4 Nc6 31.Bc5 Na5 32.Rd6 Kh7 33.c4 Kg6 34.Kc3 Nxb3 35.axb3 Bc6 36.Rd4 f5
37.exf6 gxf6 38.Rd6 Re8 39.Be3 h5 40.Bb6 Kf5 41.Rd8 Re7 42.Rg8 e5 43.Bd8 Rf7
44.Kd3 Bf3 45.b5 axb5 46.cxb5 Rd7+ 47.Ke3 e4 48.Rf8 Rd3+ 49.Kf2 Bg4 50.Bb6 Rf3+
51.Kg2 Rxb3 52.Bd4 e3 53.Bxf6 Ke4 54.Re8+ Kd3  0-1

[Event "DLM U20"]
[Site "Schoeneck"]
[Date "1996.??.??"]
[Round "2"]
[White "Wiegner, Denis"]
[Black "Buhr, Carl Christian"]
[Result "0-1"]
[WhiteElo "2170"]
[BlackElo "2245"]

1.e4 c5 2.Nf3 Nc6 3.d4 cxd4 4.Nxd4 Nf6 5.Nc3 d6 6.Bg5 e6 7.Qd2 a6 8.O-O-O h6
9.Be3 Qc7 10.f3 Be7 11.g4 Rb8 12.h4 Nxd4 13.Bxd4 b5 14.Kb1 b4 15.Ne2 e5 16.Be3 Be6
17.Ng3 d5 18.Nf5 Bxf5 19.gxf5 dxe4 20.Qg2 exf3 21.Qxg7 Rg8 22.Qxh6 Qc6 23.Rg1 Rxg1
24.Bxg1 Rc8 25.Rd2 Ng4 26.Qh8+ Bf8 27.Bf2 Qh6 28.Qxh6 Bxh6 29.Rd6 Ke7 30.Rxa6 Nxf2
31.Rxh6 Rd8 32.f6+ Ke6 33.Bc4+ Kf5 34.c3 Nd3  0-1

[Event "DLM U20"]
[Site "Schoeneck"]
[Date "1996.??.??"]
[Round "6"]
[White "Pflug, Matthias"]
[Black "Paehtz, Thomas Jr"]
[Result "1-0"]
[WhiteElo "2150"]
[BlackElo "2060"]

1.e4 c5 2.Nf3 d6 3.d4 cxd4 4.Nxd4 Nf6 5.Nc3 Nc6 6.Bg5 e6 7.Bb5 Bd7 8.Bxc6 Bxc6
9.Nxc6 bxc6 10.e5 dxe5 11.Qf3 Qc7 12.Bxf6 gxf6 13.Qxf6 Rg8 14.O-O Be7 15.Qh6 O-O-O
16.Qxh7 Bd6 17.Ne4 Rh8 18.Nxd6+ Qxd6 19.Qxf7 e4 20.g3 Rd7 21.Qf6 Rf8 22.Qc3 Rf3
23.Rad1 Rxc3 24.Rxd6 Rxc2 25.Rxe6 Kb7 26.Rxe4 Rxb2 27.a4 a5 28.Rc4 Rb4 29.Rfc1 Rd1+
30.Rxd1 Rxc4 31.h4 Rxa4 32.h5 Rg4 33.h6 Rg8 34.Rd7+ Kb6 35.h7 Rh8 36.g4  1-0

[Event "Seefeld op"]
[Site "Seefeld"]
[Date "1996.??.??"]
[Round "?"]
[White "Milov, Leonid"]
[Black "Martin, Stefan"]
[Result "1-0"]
[WhiteElo "2455"]
[BlackElo "2235"]

1.e4 c5 2.Nf3 Nc6 3.d4 cxd4 4.Nxd4 Nf6 5.Nc3 d6 6.Bg5 e6 7.Bb5 Bd7 8.Bxc6 bxc6
9.Qf3 Qb6 10.Nb3 Be7 11.e5 dxe5 12.O-O-O Qc7 13.Bxf6 gxf6 14.Nb5 cxb5 15.Qxa8+ Bc8
16.Rd3 Qb7 17.Qxb7 Bxb7 18.Rhd1 Bxg2 19.f3 e4 20.Rc3 Kf8 21.Rd7 f5 22.f4 Bh4
23.Nd4 Kg7 24.Rcc7 Kh6 25.Rxf7 e3 26.Kd1 Be4 27.Ke2 e5 28.Nxf5+ Bxf5 29.Rxf5 exf4
30.Rc6+ Kg7 31.Rxf4 Bf2 32.Rd4 Rf8 33.Rd7+ Kg8 34.Rcc7  1-0

[Event "Solymar op"]
[Site "Solymar"]
[Date "1996.??.??"]
[Round "?"]
[White "Medvegy, Zoltan"]
[Black "Sziebert, Adam"]
[Result "0-1"]
[WhiteElo "2220"]
[BlackElo "2325"]

1.e4 c5 2.Nf3 d6 3.d4 cxd4 4.Nxd4 Nf6 5.Nc3 Nc6 6.Bg5 e6 7.Qd2 a6 8.O-O-O h6
9.Be3 Be7 10.Be2 Nxd4 11.Qxd4 b5 12.e5 dxe5 13.Qxe5 Bd7 14.Bf3 Rb8 15.Ba7 Rc8
16.Bb7 Qc7 17.Qxc7 Rxc7 18.Bxa6 Rxa7 19.Nxb5 Bxb5 20.Bxb5+ Kf8 21.a4 g6 22.c3 Ne4
23.Rhf1 Kg7 24.Kc2 Nd6 25.Kb3 Rb8 26.c4 Rc7 27.Rc1 e5 28.Rfe1 e4 29.Ka2 f5
30.f3 Bg5 31.Rc2 Nxb5 32.axb5 Rxb5 33.fxe4 Ra5+ 34.Kb3 Rb7+ 35.Kc3 Bf6+ 36.Kd3 Rb3+
37.Kd2 Bg5+ 38.Kd1 Ra1+ 39.Ke2 Rxe1+ 40.Kxe1  0-1

[Event "Zhukov mem"]
[Site "Spasskoe"]
[Date "1996.??.??"]
[Round "2"]
[White "Komliakov, Viktor"]
[Black "Kiselev, Sergey"]
[Result "1/2-1/2"]
[WhiteElo "2500"]
[BlackElo "2525"]

1.e4 c5 2.Nf3 Nc6 3.d4 cxd4 4.Nxd4 Nf6 5.Nc3 d6 6.Bg5 e6 7.Qd2 a6 8.O-O-O h6
9.Be3 Be7 10.f3 Nxd4 11.Bxd4 b5 12.Qe3 Qc7 13.e5 dxe5 14.Bxe5 Qa7  1/2-1/2

[Event "RUS-Cup1 Chigorin mem"]
[Site "St Petersburg"]
[Date "1996.??.??"]
[Round "6"]
[White "Mozaliov, SV."]
[Black "Faibisovich, Vadim Z"]
[Result "1/2-1/2"]
[WhiteElo "2300"]
[BlackElo "2410"]

1.e4 c5 2.Nf3 Nc6 3.d4 cxd4 4.Nxd4 Nf6 5.Nc3 d6 6.Bg5 Bd7 7.Qd2 h6 8.Bxf6 gxf6
9.O-O-O Nxd4 10.Qxd4 Qa5 11.Kb1 Rc8 12.f4 Qc5 13.Qd2 Bc6 14.Bd3 Rg8 15.Rhe1 a6
16.g3 Bg7 17.Qe2 Kf8 18.Nd5 e6 19.Ne3 b5 20.f5 e5 21.Qh5 Ke7 22.Qg4 a5 23.Qe2 Rb8
24.Rc1 Rgc8 25.c4  1/2-1/2

[Event "Rudenko mem"]
[Site "St Petersburg"]
[Date "1996.??.??"]
[Round "6"]
[White "Grinfeld, Alla B"]
[Black "Kovalevskaya, Ekaterina"]
[Result "1/2-1/2"]
[WhiteElo "2265"]
[BlackElo "2335"]

1.e4 c5 2.Nf3 d6 3.d4 cxd4 4.Nxd4 Nf6 5.Nc3 Nc6 6.Bg5 a6 7.Qd2 Nxd4 8.Qxd4 Qa5
9.Bd2 e5 10.Qe3 Be6 11.Bd3 Qc7 12.a4 Be7 13.O-O O-O 14.a5 Rac8 15.Kh1 Nd7
16.f4 exf4 17.Qxf4 Ne5 18.Qg3 Qd8 19.Nd5 Bh4 20.Qe3 Bxd5 21.exd5 g6 22.Ra4 f5
23.b3 Bf6 24.Qg3 Bg7 25.c4 Qd7 26.Ra2 Rce8 27.Bf4 Qd8 28.b4 Rf7 29.Rc2 Kh8
30.Be2 Bf6 31.Qb3 Rfe7 32.h3 Nf7 33.Bd3 Be5  1/2-1/2

[Event "RUS-Cup1 Chigorin mem"]
[Site "St Petersburg"]
[Date "1996.??.??"]
[Round "8"]
[White "Mozaliov, SV."]
[Black "Galliamova, Alisa"]
[Result "0-1"]
[WhiteElo "2300"]
[BlackElo "2475"]

1.e4 c5 2.Nf3 Nc6 3.d4 cxd4 4.Nxd4 Nf6 5.Nc3 d6 6.Bg5 e6 7.Qd2 a6 8.O-O-O h6
9.Be3 Be7 10.f4 Bd7 11.Bd3 Ng4 12.Bg1 Nxd4 13.Bxd4 e5 14.Bg1 exf4 15.Nd5 Ne3
16.Nxe3 fxe3 17.Bxe3 Be6 18.Kb1 O-O 19.h3 Bf6 20.Rhf1 Qe7 21.Bf4 Rac8 22.Qb4 Rc5
23.Bxa6 Bxa2+ 24.Kxa2 Ra8 25.Rxd6 Rxc2 26.e5 Rxa6+ 27.Kb1 Rxd6 28.Qxd6 Rxb2+
29.Kc1 Ra2 30.Rd1 Qxd6 31.exd6 Ra1+ 32.Kc2 Rxd1 33.Kxd1 Kf8 34.Ke2 Ke8 35.Kd3 Kd7
36.Kc4 Kc6 37.Bg3 h5 38.Bf4 g5 39.Bg3 h4 40.Bh2 Bg7 41.g4 hxg3 42.Bxg3 f5  0-1

[Event "RUS-Cup1 Chigorin mem"]
[Site "St Petersburg"]
[Date "1996.??.??"]
[Round "8"]
[White "Sulskis, Sarunas"]
[Black "Aseev, Konstantin N"]
[Result "1/2-1/2"]
[WhiteElo "2515"]
[BlackElo "2560"]

1.e4 c5 2.Nf3 d6 3.d4 cxd4 4.Nxd4 Nf6 5.Nc3 Nc6 6.Bg5 e6 7.Qd2 a6 8.O-O-O Bd7
9.f4 h6 10.Bxf6 Qxf6 11.Nf3 Qd8 12.g4 Qc7 13.h4 O-O-O 14.Kb1 Kb8 15.Qe3 Be7
16.Rh2 Na5 17.Rhd2 Nc4 18.Bxc4 Qxc4 19.Rxd6 Bxd6 20.Rxd6 Bc8 21.Rxd8 Rxd8
22.b3 Qc7 23.Kb2 Bd7 24.g5 Be8 25.Ne5 hxg5 26.hxg5 Qd6 27.Nf3 Rc8 28.Ne2 Qc5
29.Ned4 a5 30.a3 Ka8 31.c3 Qb6 32.b4 Ba4 33.Qd2 f6 34.gxf6 gxf6 35.e5 fxe5
36.Nxe5 Bb5 37.Qg2 Qa6 38.Nxb5 Qxb5 39.c4 Rxc4 40.Nxc4 Qxc4 41.Qd2 axb4  1/2-1/2

[Event "RUS-Cup1 Chigorin mem"]
[Site "St Petersburg"]
[Date "1996.??.??"]
[Round "9"]
[White "Lugovoi, Aleksei"]
[Black "Zontakh, Andrey"]
[Result "1/2-1/2"]
[WhiteElo "2500"]
[BlackElo "2550"]

1.e4 c5 2.Nf3 Nc6 3.d4 cxd4 4.Nxd4 Nf6 5.Nc3 d6 6.Bg5 e6 7.Qd2 a6 8.O-O-O h6
9.Be3 Be7 10.f4 Nxd4 11.Bxd4 b5 12.Kb1 Bb7 13.e5 dxe5 14.fxe5 Ne4 15.Nxe4 Bxe4
16.Qf4 Qd5 17.Bd3 Bxd3 18.Rxd3 O-O 19.Rg3 Bg5 20.Qg4 Rad8 21.c3 Rd7 22.Re1 f5
23.exf6 Bxf6 24.Qxe6+ Qxe6 25.Rxe6 Bxd4 26.cxd4  1/2-1/2

[Event "Star Dojran"]
[Site "Star Dojran"]
[Date "1996.??.??"]
[Round "11"]
[White "Dimitrov, Vladimir"]
[Black "Drazic, Sinisa"]
[Result "1-0"]
[WhiteElo "2495"]
[BlackElo "2445"]

1.e4 c5 2.Nf3 d6 3.d4 Nf6 4.Nc3 cxd4 5.Nxd4 Nc6 6.Bg5 e6 7.Qd2 Be7 8.O-O-O O-O
9.Nb3 a6 10.Bxf6 Bxf6 11.Qxd6 Bxc3 12.bxc3 Qf6 13.Qc5 e5 14.Bc4 Qf4+ 15.Qe3 Qf6
16.h4 Rb8 17.Qg5 Qxf2 18.Rhf1 Qb6 19.h5 h6 20.Qg6 Qc7 21.Rd3 Kh8 22.Rxf7 Rxf7
23.Qxf7 Qxf7 24.Bxf7 Bg4 25.Nc5 Rf8 26.Bg6 Na5 27.Kb2 b6 28.Nd7 Nc4+ 29.Kb3 Rc8
30.Bf7 b5 31.Kb4 Nb2 32.Rd5 a5+ 33.Kxa5 Nc4+ 34.Ka6 Ne3 35.Rd3 Nxg2 36.Nxe5 Be2
37.Ng6+ Kh7 38.Rg3 b4+ 39.Kb7 Rxc3 40.Rxg2 b3 41.cxb3 Bf3 42.Rd2 Bxe4+ 43.Kb8 Rc5
44.Rd8  1-0

[Event "SVK-chT9596"]
[Site "?"]
[Date "1996.??.??"]
[Round "10"]
[White "Manik, Mikulas"]
[Black "Lanc, Alois"]
[Result "1/2-1/2"]
[WhiteElo "2345"]
[BlackElo "2415"]

1.e4 c5 2.Nf3 Nc6 3.d4 cxd4 4.Nxd4 Nf6 5.Nc3 d6 6.Bg5 e6 7.Qd2 h6 8.Bxf6 gxf6
9.O-O-O a6 10.f4 Qb6 11.Nf3 Bd7 12.g3 O-O-O 13.Bh3 Kb8 14.Kb1 h5 15.Rhe1 Bc8
16.Ne2 d5 17.e5 Na5 18.b3 Nc4 19.Qd3 Bd7 20.Ned4 Rc8 21.exf6 Na3+ 22.Kb2 Bb4
23.Ne5 Rhd8 24.Bf1 Bxe1 25.Rxe1 Nc4+ 26.Kb1 Qa5 27.Rd1 Nxe5 28.fxe5 Rh8 29.Kb2 Rcg8
30.Be2 Bb5 31.c4 dxc4 32.bxc4 Ba4 33.Rd2 Qxe5 34.Qc3 Qc5 35.Qa3 Qxa3+ 36.Kxa3 Bc6
37.Nxc6+ bxc6 38.Rd7 Rd8 39.Rxf7 Rdf8 40.Re7 Rxf6 41.c5 h4 42.Bxa6 Rf2 43.Rb7+ Ka8
44.Rb6 Rxh2 45.Bb7+ Ka7 46.Bxc6 hxg3 47.Rb7+ Ka6 48.Rb6+  1/2-1/2

[Event "SWE-chT 9596"]
[Site "?"]
[Date "1996.??.??"]
[Round "?"]
[White "Furhoff, Johan"]
[Black "Jonsson, Hans"]
[Result "0-1"]
[WhiteElo "2305"]
[BlackElo "2395"]

1.e4 c5 2.Nf3 d6 3.d4 cxd4 4.Nxd4 Nf6 5.Nc3 Nc6 6.Bg5 e6 7.Qd2 a6 8.O-O-O h6
9.Be3 Be7 10.Be2 Nxd4 11.Qxd4 Bd7 12.f4 Bc6 13.g4 Qa5 14.h4 e5 15.Qd3 O-O-O
16.g5 Nd7 17.Qc4 exf4 18.Nd5 fxe3 19.Nxe7+ Kc7 20.Nxc6 bxc6 21.Qd4 Qc5 22.Qxg7 hxg5
23.Qxg5 Qxg5 24.hxg5 Rxh1 25.Rxh1 Rg8 26.Rg1 a5 27.Rg3 Ne5 28.b3 f6 29.g6 Rxg6
30.Rxe3 Rg2 31.Kd2 d5 32.exd5 cxd5 33.Rh3 d4 34.Rh6 Nf3+ 35.Kd3 Ne1+ 36.Kd2 Nxc2
37.Rxf6 Nb4 38.a3 Nd5 39.Re6 d3 40.Re5 Nf4 41.Rf5 Rxe2+ 42.Kc3 Rc2+  0-1

[Event "EU-ch U20 Girls"]
[Site "Tapolca"]
[Date "1996.??.??"]
[Round "10"]
[White "Andreescu, Nicoleta Aurora"]
[Black "Bartosik, Olimpia"]
[Result "1-0"]
[WhiteElo "2150"]
[BlackElo "2225"]

1.e4 c5 2.Nf3 Nc6 3.d4 cxd4 4.Nxd4 Nf6 5.Nc3 d6 6.Bg5 e6 7.Qd2 a6 8.O-O-O h6
9.Bh4 Nxe4 10.Qf4 Ng5 11.Qg3 Nxd4 12.Rxd4 Qb6 13.Rd1 Bd7 14.f4 Nh7 15.f5 Ng5
16.Bxg5 hxg5 17.Bc4 O-O-O 18.fxe6 fxe6 19.Qxg5 d5 20.Bb3 Bd6 21.g3 Qc7 22.Rdf1 Be5
23.Ne2 Bf6 24.Qd2 Kb8 25.Nf4 a5 26.a4 Qb6 27.Nd3 Rc8 28.Kb1 Ka8 29.Re1 Rc7
30.Ne5 Bc8 31.h4 Qa7 32.Re3 Rd8 33.Rhe1 Be7 34.Nd3 Bd6 35.Rf3 Qb6 36.Ref1 e5
37.Bxd5 Be7 38.Nxe5 Bf6 39.Rb3 Qa7 40.Rxf6 Rxd5 41.Qxd5 gxf6 42.Nc4 Rc6 43.Nd6 Qa6
44.Nxc8 Rxc8 45.Rb5 Kb8 46.h5  1-0

[Event "GEO-ch"]
[Site "Tbilisi"]
[Date "1996.??.??"]
[Round "?"]
[White "Lobzhanidze, Davit"]
[Black "Dgebuadze, Alexandre"]
[Result "1/2-1/2"]
[WhiteElo "2280"]
[BlackElo "2470"]

1.e4 c5 2.Nf3 d6 3.d4 cxd4 4.Nxd4 Nf6 5.Nc3 Nc6 6.Bg5 e6 7.Qd2 a6 8.O-O-O h6
9.Be3 Bd7 10.f3 b5 11.Nxc6 Bxc6 12.Qf2 Qc7 13.Bd3 Be7 14.Kb1 Nd7 15.Rhe1 Ne5
16.Bd4 Bf6 17.h3 O-O 18.f4 Nxd3 19.Rxd3 Bxd4 20.Qxd4 Rad8 21.Rg3 e5 22.Qd2 f5
23.exf5 Rxf5 24.fxe5 Rxe5 25.Rd1 Qe7 26.a3 a5 27.Rg4 b4 28.axb4 axb4 29.Rxb4 Ra8
30.Qxd6 Qxd6 31.Rxd6 Bxg2 32.h4 Bf3 33.b3 g5 34.Rxh6 Rc8 35.Kb2 Rec5 36.Na4 Rxc2+
37.Ka3 g4 38.Rb5 R2c6 39.Rg5+ Kf7 40.Rh7+ Ke6 41.Nb6 R8c7 42.Rh6+ Ke7 43.Rh7+ Ke6
44.Rh8 Rc5 45.Rh6+ Kf7 46.Rh7+ Ke6 47.Rh6+  1/2-1/2

[Event "GEO-ch"]
[Site "Tbilisi"]
[Date "1996.??.??"]
[Round "?"]
[White "Lobzhanidze, Davit"]
[Black "Bagaturov, Giorgi"]
[Result "1-0"]
[WhiteElo "2280"]
[BlackElo "2460"]

1.e4 c5 2.Nf3 d6 3.d4 cxd4 4.Nxd4 Nf6 5.Nc3 Nc6 6.Bg5 e6 7.Qd2 a6 8.O-O-O h6
9.Be3 Bd7 10.f3 b5 11.g4 Ne5 12.h4 b4 13.Nb1 d5 14.Bf4 Bd6 15.exd5 Nxd5 16.Bh2 Bc7
17.Re1 Ng6 18.Bc4 Bf4 19.Bxf4 Ngxf4 20.g5 Qc7 21.Bxd5 Nxd5 22.gxh6 gxh6 23.Nxe6 Bxe6
24.Qxd5 Qf4+ 25.Qd2 Qxd2+ 26.Nxd2 Kd7 27.Re5 Kc6 28.Ne4 Rad8 29.Rd1 Rxd1+
30.Kxd1 Rd8+ 31.Ke2 Rd5 32.Rxd5 Kxd5 33.Ke3 Bh3 34.Nf6+ Ke6 35.Ng4 h5 36.Nf2 Bf5
37.Nd3 a5 38.Kd4 Kd6 39.c3 bxc3 40.bxc3 Bc8 41.Ne5 Ke6 42.Nc4 Bb7 43.f4 a4
44.a3 Ba6 45.Ne3 Kd6 46.c4 Bc8 47.c5+ Ke6 48.f5+ Kd7 49.Nd5 Bb7 50.Nf6+  1-0

[Event "Terrassa op"]
[Site "Terrassa"]
[Date "1996.??.??"]
[Round "5"]
[White "De la Riva Aguado, Oscar"]
[Black "Gomez Jurado, Luis Alberto"]
[Result "1-0"]
[WhiteElo "2490"]
[BlackElo "2300"]

1.e4 c5 2.Nf3 d6 3.d4 cxd4 4.Nxd4 Nf6 5.Nc3 Nc6 6.Bg5 e6 7.Qd2 a6 8.O-O-O h6
9.Be3 Bd7 10.f3 b5 11.g4 Nxd4 12.Qxd4 Qb8 13.Kb1 Be7 14.h4 b4 15.Ne2 e5 16.Qd2 Qb7
17.Ng3 O-O-O 18.Bc4 Be6 19.Qe2 Bxc4 20.Qxc4+ Kb8 21.Qxf7 Rhf8 22.Qe6 Ne8
23.Nf5 Bf6 24.g5 hxg5 25.hxg5 g6 26.Nxd6 Qc6 27.gxf6 Rxd6 28.Qxe5 Kc8 29.Rxd6 Nxd6  1-0

[Event "CAN-ch"]
[Site "Toronto"]
[Date "1996.??.??"]
[Round "3"]
[White "Spraggett, Kevin"]
[Black "Baragar, Fletcher"]
[Result "1-0"]
[WhiteElo "2530"]
[BlackElo "2305"]

1.e4 c5 2.Nf3 Nc6 3.d4 cxd4 4.Nxd4 Nf6 5.Nc3 d6 6.Bg5 e6 7.Qd2 a6 8.O-O-O h6
9.Be3 Be7 10.f4 Bd7 11.Bd3 b5 12.Nf3 b4 13.Ne2 Qc7 14.Kb1 a5 15.h3 O-O 16.g4 a4
17.g5 hxg5 18.Nxg5 Na5 19.b3 Rfc8 20.Rhg1 e5 21.Rdf1 Nc6 22.Bc4 Nd8 23.fxe5 dxe5
24.Ng3 axb3 25.Bxb3 Ra6 26.Qe2 Rc6 27.Nh5 Rc3 28.Nxf6+ Bxf6 29.Rxf6 Rxb3+
30.cxb3 Bb5 31.Qd2 Qc3 32.Rd6 Nb7 33.Rd5  1-0

[Event "CAN-ch"]
[Site "Toronto"]
[Date "1996.??.??"]
[Round "12"]
[White "Yoos, John C"]
[Black "Baragar, Fletcher"]
[Result "0-1"]
[WhiteElo "2335"]
[BlackElo "2305"]

1.e4 c5 2.Nf3 Nc6 3.d4 cxd4 4.Nxd4 Nf6 5.Nc3 d6 6.Bg5 e6 7.Qd2 a6 8.O-O-O h6
9.Be3 Be7 10.f4 Nxd4 11.Bxd4 b5 12.Bd3 b4 13.Ne2 e5 14.fxe5 dxe5 15.Bxe5 Qa5
16.Bxf6 Bxf6 17.Bc4 Bg5 18.Nf4 Qc7 19.g3 Qxc4 20.Qd6 Be6  0-1

[Event "CRO-chT2"]
[Site "Tucepi"]
[Date "1996.??.??"]
[Round "?"]
[White "Marinkovic, Stjepko"]
[Black "Arbanas, Josip"]
[Result "0-1"]
[WhiteElo "2265"]
[BlackElo "2165"]

1.e4 c5 2.Nf3 d6 3.d4 cxd4 4.Nxd4 Nf6 5.Nc3 Nc6 6.Bg5 e6 7.Qd2 a6 8.O-O-O h6
9.Be3 Nxd4 10.Qxd4 Qc7 11.f3 b5 12.g4 Bb7 13.Kb1 d5 14.exd5 Nxd5 15.Nxd5 Bxd5
16.Be2 Rc8 17.Rc1 Rd8 18.Qb6 Qxb6 19.Bxb6 Rc8 20.Bd4 f6 21.Rhf1 Bd6 22.f4 Kf7
23.Rcd1 Be7 24.h4 Rhd8 25.c3 Be4+ 26.Bd3 Bxd3+ 27.Rxd3 Rd5 28.Rfd1 h5 29.g5 Bc5
30.Kc2 Kg6 31.gxf6 gxf6 32.b3 Kf5 33.c4 bxc4 34.bxc4 Bxd4 35.Rxd4 Rxd4 36.Rxd4 e5
37.fxe5 fxe5 38.Rd6 Rxc4+ 39.Kb2 e4 40.Rxa6 e3 41.Ra5+ Kf4  0-1

[Event "CRO-chT"]
[Site "Tucepi"]
[Date "1996.??.??"]
[Round "?"]
[White "Zelic, Zdravko"]
[Black "Bertok, Mario"]
[Result "1/2-1/2"]
[WhiteElo "2390"]
[BlackElo "2300"]

1.e4 c5 2.Nf3 Nc6 3.d4 cxd4 4.Nxd4 Nf6 5.Nc3 d6 6.Bg5 e6 7.Qd2 a6 8.O-O-O Bd7
9.f4 h6 10.Bh4 g5 11.fxg5 Ng4 12.Nf3 hxg5 13.Bg3 Nce5 14.Nd4 Ng6 15.Be2 N4e5
16.Kb1 Be7 17.Rhf1 Rh7 18.Nf3 b5 19.a3 Rb8 20.Qd4 Qb6 21.Qxb6 Rxb6 22.Nd4 g4
23.Rh1 Kf8 24.Bf2 Rb8 25.Bg3 Kg7 26.Nb3 Bc6 27.Rhe1 Rhh8 28.Bf1 Rhc8 29.Na2 Rc7
30.Nb4 Bb7 31.Rd4 Bc8 32.Na5 Rb6 33.Red1 f6 34.Bf2 Kf7 35.b3 Rb8 36.Be1 Nf8
37.Nd3 Nfd7 38.Nf2 Bb7 39.Nxb7 Rcxb7 40.Nd3 Rh8 41.Nb4 Nc5 42.Bg3 a5 43.Nd3 Ncxd3
44.Bxd3 Nc6 45.Be2 Nxd4 46.Rxd4 Rg8 47.Be1 Rh8 48.Bg3 Rg8 49.Be1  1/2-1/2

[Event "CRO-chT"]
[Site "Tucepi"]
[Date "1996.??.??"]
[Round "?"]
[White "Leko, Peter"]
[Black "Tukmakov, Vladimir B"]
[Result "1/2-1/2"]
[WhiteElo "2625"]
[BlackElo "2595"]

1.e4 c5 2.Nf3 d6 3.d4 cxd4 4.Nxd4 Nf6 5.Nc3 Nc6 6.Bg5 e6 7.Qd2 a6 8.O-O-O h6
9.Be3 Be7 10.f3 Nxd4 11.Bxd4 b5 12.Kb1 Rb8 13.Ba7 Rb7 14.Be3 Nd7 15.Bd3 Ne5
16.Ne2 Qc7 17.Bd4 O-O 18.Ng3 Rd8 19.Nh5 Bf8 20.Qf2 Nxd3 21.cxd3 e5 22.Rc1 Qb8
23.Be3 f5 24.exf5  1/2-1/2

[Event "Ubeda op"]
[Site "Ubeda"]
[Date "1996.??.??"]
[Round "?"]
[White "Agnos, Demetrios"]
[Black "Estrada Nieto, Julian"]
[Result "1-0"]
[WhiteElo "2460"]
[BlackElo "2345"]

1.e4 c5 2.Nf3 d6 3.d4 cxd4 4.Nxd4 Nf6 5.Nc3 Nc6 6.Bg5 e6 7.Qd2 a6 8.O-O-O h6
9.Be3 Qc7 10.f4 Bd7 11.Kb1 b5 12.Bd3 Na5 13.Qe1 Nc4 14.Bc1 b4 15.Nce2 a5
16.h3 e5 17.Nf3 Rc8 18.fxe5 dxe5 19.Bxc4 Qxc4 20.Nxe5 Qxc2+ 21.Ka1 Be6 22.Nd4 Qa4
23.b3 Bxb3 24.Nxb3 Rc2 25.Bb2 Be7 26.Rc1 Rxc1+ 27.Qxc1 O-O 28.Qc6  1-0

[Event "UKR-ch (Women)"]
[Site "UKR"]
[Date "1996.??.??"]
[Round "8"]
[White "Skripchenko, Almira"]
[Black "Susterman, Anja"]
[Result "1/2-1/2"]
[WhiteElo "2390"]
[BlackElo "2230"]

1.e4 c5 2.Nf3 Nc6 3.d4 cxd4 4.Nxd4 Nf6 5.Nc3 d6 6.Bg5 e6 7.Qd2 a6 8.O-O-O h6
9.Be3 Be7 10.f4 Qa5 11.Nb3 Qc7 12.Bd3 b5 13.h3 Bb7 14.g4 Na5 15.Nxa5 Qxa5
16.Qf2 Qc7 17.a3 d5 18.e5 Ne4 19.Bxe4 dxe4 20.Bb6 Qc6 21.Qd4 Rc8 22.Rhe1 O-O
23.Ba5 Bc5 24.Qxe4 Bf2 25.Qxc6 Rxc6 26.Re2 Bg3 27.Rf1 Rc4 28.f5 Rfc8 29.fxe6 fxe6
30.Bb4 h5 31.gxh5 Rh4 32.Kb1 Rxh5 33.Bd6 Rxh3 34.Re3 Bg2 35.Rg1  1/2-1/2

[Event "UKR-ch (Women)"]
[Site "UKR"]
[Date "1996.??.??"]
[Round "10"]
[White "Gaponenko, Inna"]
[Black "Susterman, Anja"]
[Result "1-0"]
[WhiteElo "2390"]
[BlackElo "2230"]

1.e4 c5 2.Nf3 Nc6 3.d4 cxd4 4.Nxd4 Nf6 5.Nc3 d6 6.Bg5 e6 7.Qd2 a6 8.O-O-O h6
9.Be3 Be7 10.f4 Nxd4 11.Bxd4 Qa5 12.Qf2 Qc7 13.Kb1 b5 14.e5 dxe5 15.Bxe5 Qc6
16.Be2 Bb7 17.Bf3 Qc8 18.g4 Bxf3 19.Qxf3 O-O 20.g5 hxg5 21.fxg5 Nd7 22.Bd4 Nc5
23.Rhg1 b4 24.Qh5 e5 25.Nd5 Qe6 26.Bxc5  1-0